| 000 | 00727nam a2200253Ia 4500 | ||
|---|---|---|---|
| 003 | OSt | ||
| 005 | 20220925215208.0 | ||
| 006 | a|||||r|||| 00| 0 | ||
| 007 | ta | ||
| 008 | 220923b |||||||| |||| 00| 0 eng d | ||
| 037 | _cGeneral Book | ||
| 040 |
_aRTL _cRTL _beng |
||
| 041 |
_2eng _aeng |
||
| 082 | _aXM8:75.3.N7, L7 | ||
| 100 |
_aTaylor Bernard Ed. _9125227 |
||
| 245 | 0 | _aCorporate stratogy and planning | |
| 260 |
_aLondon _bHeinemann _c1977 |
||
| 300 |
_axiii, 402p _ccm. |
||
| 500 | _aBibliography Chapterwise | ||
| 650 | _aMultinational | ||
| 700 |
_a Spares John R _9282380 |
||
| 942 |
_hXM8:75.3.N7, L7 _cGB _2CC |
||
| 999 |
_c568189 _d568189 |
||